तलाश बसंत की / (Record no. 113336)

MARC details
000 -LEADER
fixed length control field 01064nam a22002537a 4500
005 - DATE AND TIME OF LATEST TRANSACTION
control field 20170124102951.0
010 ## - LIBRARY OF CONGRESS CONTROL NUMBER
LC control number B-069332
020 ## - INTERNATIONAL STANDARD BOOK NUMBER
Terms of availability 120.00
035 ## - SYSTEM CONTROL NUMBER
System control number B-069332
037 ## - SOURCE OF ACQUISITION
Source of stock number/acquisition Cen Lib/Ret
040 ## - CATALOGING SOURCE
Original cataloging agency DPL
Language of cataloging HN
082 ## - DEWEY DECIMAL CLASSIFICATION NUMBER
Classification number 821
Item number शर्मावि
100 ## - MAIN ENTRY--PERSONAL NAME
Personal name शर्मा, विष्णुचन्द्र
9 (RLIN) 42758
245 ## - TITLE STATEMENT
Title तलाश बसंत की /
Statement of responsibility, etc विष्णुचन्द्र शर्मा
246 ## - VARYING FORM OF TITLE
Title proper/short title Talaash basant ki /
Remainder of title by Vishnuchndra Sharma
260 ## - PUBLICATION, DISTRIBUTION, ETC. (IMPRINT)
Place of publication, distribution, etc दिल्ली
Name of publisher, distributor, etc शब्द्सृष्टि
Date of publication, distribution, etc 2001
270 ## - ADDRESS
Address बी-७१०/१, गली न.१०, विजय पार्क, मौजपुर
City दिल्ली
Postal code 110053
300 ## - PHYSICAL DESCRIPTION
Extent 120पृ.
Dimensions 20सेमी(सजिल्द )
650 ## - SUBJECT ADDED ENTRY--TOPICAL TERM
Topical term or geographic name as entry element हिंदी साहित्य
General subdivision
Geographic subdivision
9 (RLIN) 51787
650 ## - SUBJECT ADDED ENTRY--TOPICAL TERM
Topical term or geographic name as entry element हिंदी कविता
9 (RLIN) 51788
650 ## - SUBJECT ADDED ENTRY--TOPICAL TERM
Topical term or geographic name as entry element Hindi literature
Form subdivision
9 (RLIN) 51789
650 ## - SUBJECT ADDED ENTRY--TOPICAL TERM
Topical term or geographic name as entry element Hindi poetries
9 (RLIN) 44737
942 ## - ADDED ENTRY ELEMENTS (KOHA)
Source of classification or shelving scheme Dewey Decimal Classification
Koha item type Hindi Books
Classification part 821
Call number suffix शर्मावि
Holdings
Withdrawn status Lost status Damaged status Not for loan Home library Current library Date acquired Source of acquisition Cost, normal purchase price Total Checkouts Full call number Barcode Date last seen Copy number Cost, replacement price Price effective from Koha item type
        Central Library Central Library 12/08/2015 Cen Lib/Ret 120.00   821 शर्मावि B-069332 12/08/2015 1 120.00 12/08/2015 Hindi Books

© Delhi Public Library
Hit Counter
free hit counter